00249nam a22000617a 4500008004100000100003300041245011300074161004b xxu||||| |||| 00| 0 eng d aShah, Syed Sadiq Alib88ME27 aGeneral study on Crown Wheel Pinnion FIAT 4805Manufactured at Pakistan Machine tool Factory Karachi (Thesis)